Vida social y cultural de la Vega en la primera mitad del Siglo XX : (Registro nro. 13807)

Detalles MARC
000 -LIDER
fixed length control field 01953nam a22003617a 4500
003 - IDENTIFICACDOR DE NÚMERO DE CONTROL
control field OSt
005 - DATE AND TIME OF LATEST TRANSACTION
control field 20211019124412.0
007 - CAMPOS FIJOS DE DESCRIPCIÓN FÍSICA
fixed length control field ta
008 - ELEMENTOS DE LONGITUD FIJA
fixed length control field 210217e2020 dr ac|||r||||z001 jdspa d
020 ## - ISBN
International Standard Book Number 9789945613117 (obra completa)
020 ## - ISBN
International Standard Book Number 9789945613124 (v.1)
020 ## - ISBN
International Standard Book Number 9789945613131 (v.2)
040 ## - FUENTE DE CATALOGACIÓN
Agencia que crea de manera original el registro DO-SdBNPH
Idioma de catalogación spa
Agencia que realiza la transcripción BPMSU
041 ## - CÓDIGOS DE OBRAS TRADUCIDAS O EN VARIOS IDIOMAS
Cód. del idioma original y/o traducciones intermedias del texto spa
082 #4 - NÚMERO DE CLASIFICACIÓN DECIMAL DE DEWEY
Classification number 972.93697
Item number H557v 2020
Edition number 22
100 1# - ASIENTO PRINCIPAL -- NOMBRE PERSONAL
Nombre personal Hernández Figueroa, Alfredo Rafael.
245 13 - MENCIÓN DE TITULO
Título Vida social y cultural de la Vega en la primera mitad del Siglo XX :
Subtítulo según el periódico el Progreso /
Mención de responsabilidad Alfredo Rafael Hernández Figueroa ; presentación Juan Francisco Domínguez Novas
260 ## - PUBLICACIÓN, DISTRIBUCIÓN, ETC. (PIE DE IMPRENTA)
Lugar de publicación, distribución, etc Santo Domingo :
Nombre del editor, distribuidor, etc. Archivo General de la Nación,
Fecha de publicación, distribución, etc 2020
300 ## - DESCRIPCIÓN FÍSICA
Extensión 2v. :
Otros detalles físicos il., retrs. ;
Dimensiones 22 cm.
490 0# - MENCIÓN DE SERIES
Mención de serie Archivo General de la Nación ;
Volume/sequential designation 327
500 ## - NOTA GENERAL
Nota general Incluye índice onomástico.
500 ## - NOTA GENERAL
Nota general Incluye referencias bibliográficas y notas al pie de las páginas
500 ## - NOTA GENERAL
Nota general Incluye datos biográficos del autor en la solapas
505 0# - NOTA DE CONTENIDO
Título v.1:
-- Presentación.
-- Nota introductoria
-- Capitulo I. Sociedad y el teatro de la progresista
-- Capitulo II. Sociedad amor al estudio, cultura y los nuevos.
-- Capítulo III. Teatro Rívoli y las fiestas patronales
-- Capitulo IV. Carnaval social de los clubes de primera
-- Capitulo V. El feminismo en la Vega
505 0# - NOTA DE CONTENIDO
Título v.2.
-- Capitulo VI. Vida social en La Vega.
-- Capítulo VII. Los juegos florales 1915 y 1924
-- Capítulo VIII. Ideas antimperialistas socialistas en La Vega
-- Capitulo IX. La presencia de refugiados españoles en La Vega a partir de 1940
590 ## - NOTA LOCAL
Enlace Inventariado, 2021/VM
651 #4 - ENCABEZAMIENTO DE MATERIA--NOMBRE GEOGRÁFICO
Nombre geográfico La Vega (República Dominicana)
Subdivisión temática general Vida social y costumbres
Subdivisión cronológica Siglo XX
651 #4 - ENCABEZAMIENTO DE MATERIA--NOMBRE GEOGRÁFICO
Nombre geográfico La Vega (República Dominicana)
Subdivisión temática general Historia Local
Materiales especificados
700 1# - ASIENTO SECUNDARIO -- NOMBRE PERSONAL
Nombre personal Domínguez Novas, Juan Francisco
710 2# - ASIENTO SECUNDARIO -- NOMBRE CORPORATIVO
Nombre corporativo o de jurisdicción Archivo General de la Nación (República Dominicana)
910 ## - VALIDACIÓN
Validación VMateo V.
942 ## - ADDED ENTRY ELEMENTS (KOHA)
Source of classification or shelving scheme Dewey Decimal Classification
Koha item type Libros
Existencias
Withdrawn status Lost status Source of classification or shelving scheme Damaged status Not for loan Collection code Home library Current library Date acquired Source of acquisition Total Checkouts Full call number Barcode Date last seen Copy number Price effective from Koha item type
    Dewey Decimal Classification     Colección Dominicana Biblioteca Pública Metropolitana Salomé Ureña Biblioteca Pública Metropolitana Salomé Ureña 10/19/2021 AGN   BPMSU CD 972.93697 H557v 2020 BPMSU21100117 10/19/2021 v.1 10/19/2021 Libros
    Dewey Decimal Classification     Colección Dominicana Biblioteca Pública Metropolitana Salomé Ureña Biblioteca Pública Metropolitana Salomé Ureña 10/19/2021 AGN   BPMSU CD 972.93697 H557v 2020 BPMSU21100118 10/19/2021 v.1, e.2 10/19/2021 Libros
    Dewey Decimal Classification     Colección Dominicana Biblioteca Pública Metropolitana Salomé Ureña Biblioteca Pública Metropolitana Salomé Ureña 10/19/2021 AGN   BPMSU CD 972.93697 H557v 2020 BPMSU21100119 10/19/2021 v.2, e.2 10/19/2021 Libros
    Dewey Decimal Classification     Colección Dominicana Biblioteca Pública Metropolitana Salomé Ureña Biblioteca Pública Metropolitana Salomé Ureña 10/19/2021 AGN   BPMSU CD 972.93697 H557v 2020 BPMSU21100120 10/19/2021 v.2 10/19/2021 Libros